000 00254nam a2200109Ia 4500
008 190216s9999||||xx |||||||||||||| ||und||
100 _aRamakrishnan Nair V G
245 0 _aIrumbum Urukkum
260 _bBhasha Institute
650 _aPhysics
942 _cBK
999 _c40475
_d40475